书目信息 |
| 题名: |
国际建筑工程承包指南
|
|
| 作者: | 雷胜强 , 孟祥芝 编著 | |
| 分册: | ||
| 出版信息: | 北京 中国建筑工业出版社 1990.7 |
|
| 页数: | 342页 | |
| 开本: | 20厘米 | |
| 丛书名: | ||
| 单 册: | ||
| 中图分类: | F416.9 | |
| 科图分类: | ||
| 主题词: | 对外承包-建筑工程承包--基本知识 , 建筑工程承包-对外承包--基本知识 | |
| 电子资源: | ||
| ISBN: | 7-112-00924-3 | |
| 000 | 01006nam 2200253 45 | |
| 001 | 0190004069 | |
| 005 | 20060810110221.84 | |
| 010 | @a7-112-00924-3@dCNY8.75 | |
| 100 | @a19901025d1990 em y0chiy0121 ea | |
| 101 | 0 | @achi |
| 102 | @aCN@b110000 | |
| 105 | @ay z 000yy | |
| 200 | 10 | @a国际建筑工程承包指南@AGUO JI JIAN ZHU GONG CHENG CHENG BAO ZHI NAN@f雷胜强,孟祥芝编著@FLEI SHENG QIANG , MENG XIANG ZHI BIAN ZHU |
| 210 | @a北京@c中国建筑工业出版社@d1990.7 | |
| 215 | @a342页@d20厘米 | |
| 330 | @a本书共分四编十八章,着重从工程承包合同、工程承包合同的缔约程序、工程承包合同的履行及有关工程承包合同的法律常识等四个方面,对国际承包工程给予介绍。 | |
| 540 | 1 | @a国际 建筑 工程 承包 指南@AGUO JI JIAN ZHU GONG CHENG CHENG BAO ZHI NAN |
| 606 | @a对外承包-建筑工程承包@x基本知识 | |
| 606 | @a建筑工程承包-对外承包@x基本知识 | |
| 690 | @aF416.9 | |
| 701 | 0 | @a雷胜强@ALEI SHENG QIANG@4编著 |
| 701 | 0 | @a孟祥芝@AMENG XIANG ZHI@4编著 |
| 801 | 0 | @aCN@bTSSF@c20060810 |
| 905 | @a10447@dF416.9@e6 | |
| 国际建筑工程承包指南/雷胜强,孟祥芝编著.-北京:中国建筑工业出版社,1990.7 |
| 342页;20厘米 |
| ISBN 7-112-00924-3:CNY8.75 |
| 本书共分四编十八章,着重从工程承包合同、工程承包合同的缔约程序、工程承包合同的履行及有关工程承包合同的法律常识等四个方面,对国际承包工程给予介绍。 |
| ● |
| 相关链接 |
|
|
|
|
正题名:国际建筑工程承包指南
索取号:F416.9/6
 
预约/预借
| 序号 | 登录号 | 条形码 | 馆藏地/架位号 | 状态 | 备注 |
| 1 | 0448397 | 204483978 | 密集书库/ [索取号:F416.9/6] | 在馆 |